00701nam a2200181Ia 4500001002300000003000900023008004100032040002300073041001300096100001200109245014400121250001500265260003600280300001900316500002500335501012400360520003500484220.1-PON co in (9595)IT-MiSPE171229s9999||||xx |||||||||||||| ||und|| aIT-MiSPEcIT-MiSPE aITALIANO aAA.VV.  0aL'interpretazione della Bibbia nella Chiesa bDiscorso di Sua Santità Giovanni Paolo II e Documento della Pontificia Commissione Biblica  a1a ed. (v) aCittà del VaticanobLEVc1993 a126 p. c17 cm aBibbia - Ermeneutica aEdizioni San Paolo srl - Piazza Soncino, 5 - 20092 CINISELLO BALSAMO (MI) (non commercial uses only) ® Copyright 2018 aPontificia Commissione Biblica